000 01008cab a2200241 4500
001 ABS48403
008 090401t1993 xxu||||| |||| 00| 0 eng d
035 _a(Sirsi) u66513
041 _aeng
245 _aColley v Canterbury CC
260 _c1993
350 _a0
490 _aRating & Valuation Reporter
_v1993 RVR 37-40(4)
520 _aHL 21 January 1993. Upheld the CA`s decision (Abs47313) that the Lands Tribunal had no justification in departing from the plain meaning of Town and Country Planning Act 1971 s164(4) which is mandatory in the consideration of compensation for revocation of planning permission. Claimant`s appeal dismissed.
650 _aCOMPENSATION
650 _aPLANNING PERMISSION
650 _aREVOCATION
650 _aTOWN AND COUNTRY PLANNING ACT 1971 S164(4)
650 _aTOWN AND COUNTRY PLANNING ACT 1990 S55
690 _aENVIRONMENTAL AND LAND CONSULTANCY-PLANNING AND DEVELOPMENT-COMPULSORY PURCHASE AND COMPENSATION
942 _n0
948 _c04/03/1997
999 _c41552
_d41552